| 000 | 00815nam a2200205 a 4500 | ||
|---|---|---|---|
| 003 | 0 | ||
| 005 | 20250507121834.0 | ||
| 008 | 050809s19uu xx 00 eng d | ||
| 050 |
_aPHS GV 545 _b.S56 2005 |
||
| 100 | _aShort, Nicole M. | ||
| 245 |
_aFactors that affect the performance of the soccer players from the Philippine national team in international leagues / _cNicole M. Short. |
||
| 260 |
_aLas PiƱas City, Philippines : _bSouthville International School and Colleges, _c2005. |
||
| 300 |
_a41 pages : _billustrations ; _c28 cm. |
||
| 504 | _aIncludes bibliographical references. | ||
| 650 |
_2Library of Congress Subject Headings _aPerformance _xAthletes _vInfluencing factors. |
||
| 650 |
_aSoccer _zPhilippines. |
||
| 650 | _aInternational sports competitions. | ||
| 942 |
_2lcc _cPASS |
||
| 999 |
_c97304 _d97304 |
||